Experimental investigations into the predictive capabilities of current physical rubber friction theories (Record no. 59110)

MARC details
000 -LEADER
fixed length control field 00595nam a2200193Ia 4500
100 ## - MAIN ENTRY--AUTHOR NAME
Personal name Westermann S
245 #0 - TITLE STATEMENT
Title Experimental investigations into the predictive capabilities of current physical rubber friction theories
260 ## - PUBLICATION, DISTRIBUTION, ETC. (IMPRINT)
Name of publisher Kautschuk Gummi Kunststoffe
Year of publication 2004
300 ## - PHYSICAL DESCRIPTION
Number of Pages 645-650
650 ## - SUBJECT ADDED ENTRY--TOPICAL TERM
Topical Term Complex viscoelastic modulus
650 ## - SUBJECT ADDED ENTRY--TOPICAL TERM
Topical Term Rubber friction theory
650 ## - SUBJECT ADDED ENTRY--TOPICAL TERM
Topical Term Sliding friction coefficient
650 ## - SUBJECT ADDED ENTRY--TOPICAL TERM
Topical Term Surface characterisation
700 ## - ADDED ENTRY--PERSONAL NAME
Personal name Boes R
700 ## - ADDED ENTRY--PERSONAL NAME
Personal name Petry F
700 ## - ADDED ENTRY--PERSONAL NAME
Personal name Thielen G
942 ## - ADDED ENTRY ELEMENTS (KOHA)
Koha item type Journals
Holdings
Withdrawn status Lost status Damaged status Not for loan Home library Current library Shelving location Date acquired Serial Enumeration / chronology Koha item type
      Journals RRII Library RRII Library Rubber chemistry 17/12/2021 Volume 57, Issue 12 Journals